Los Pequeños países de América Latina en la hora neoliberal /
Guardado en:
| Hovedforfatter: | |
|---|---|
| Andre forfattere: | |
| Format: | Ukendt |
| Udgivet: |
Caracas:
UNAM. UNA. UNRISD. NUEVA SOCIEDAD
|
| Fag: | |
| Tags: |
Tilføj Tag
Ingen Tags, Vær først til at tagge denne postø!
|
MARC
| LEADER | 00000 a2200000 04500 | ||
|---|---|---|---|
| 001 | 19331 | ||
| 003 | cru IIS | ||
| 005 | 20230529100022.0 | ||
| 008 | 991231s d | ||
| 040 | |c CRAI/IIS | ||
| 090 | |a 0001 S572p | ||
| 100 | |a Sierra, Gerónimo de | ||
| 245 | |a Los Pequeños países de América Latina en la hora neoliberal / |c Gerónimo de Sierra | ||
| 260 | |a Caracas: |b UNAM. UNA. UNRISD. NUEVA SOCIEDAD | ||
| 300 | |a 19-38 p. | ||
| 650 | |a CONDICIONES ECONOMICAS | ||
| 650 | |a AJUSTE ESTRUCTURAL | ||
| 650 | |a CAMBIO ECONOMICO | ||
| 650 | |a POLITICA ECONOMICA | ||
| 650 | |a ESTRATEGIA DEL DESARROLLO | ||
| 650 | |a DESARROLLO INDUSTRIAL | ||
| 650 | |a SECTOR INDUSTRIAL | ||
| 650 | |a INVERSIONES | ||
| 650 | |a CAPITAL | ||
| 650 | |a CONDICIONES ECONOMICAS | ||
| 700 | |a coord | ||
| 942 | |2 ddc |c LI | ||
| 999 | |c 13493 |d 13493 | ||
| 773 | 0 | |0 3915 |9 9071 |a Sierra, Gerónimo de |d Caracas: UNAM. UNA. UNRISD. NUEVA SOCIEDAD 1994 |o 01754 |t Los Pequeños países de América Latina en la hora neoliberal / |w (cru CIDCACS/IIS)19330 | |
